Teatro inquieto español
Bewaard in:
| Formaat: | Boek |
|---|---|
| Taal: | Spaans |
| Gepubliceerd in: |
Madrid
Aguilar
1967
|
| Onderwerpen: | |
| Tags: |
Voeg label toe
Geen labels, Wees de eerste die dit record labelt!
|
MARC
| LEADER | 00000cam a2200000 a 4500 | ||
|---|---|---|---|
| 001 | UCQ6150 | ||
| 003 | CL-VaPUC | ||
| 005 | 20241121151343.0 | ||
| 008 | 981009e19670000SP |||||||||||||||||spa|d | ||
| 999 | |c 276152 |d 276150 | ||
| 040 | |c Pontificia Universidad Católica de Valparaíso | ||
| 082 | 0 | 4 | |a 862.08 |b TEA |2 21 |
| 245 | 1 | 0 | |a Teatro inquieto español |
| 246 | 1 | 0 | |a Sombras de sueño, de Miguel de Unamuno |
| 246 | 1 | 0 | |a Angelita, de Azorín |
| 246 | 1 | 3 | |a El señor de Pigmalión, de Jacinto Grau |
| 246 | 1 | 4 | |a Los medios seres, de Ramón Gómez de la Serna |
| 246 | 1 | 0 | |a Así que pasen cinco años, de Federico García Lorca |
| 246 | 1 | 0 | |a Espejo de avaricia, de Max Aub |
| 260 | |a Madrid |b Aguilar |c 1967 | ||
| 300 | |a 394 p | ||
| 583 | |a last modification |c 20130823 04:02:19 |k Rodrigo Vera | ||
| 600 | 0 | 7 | |a UNAMUNO, MIGUEL DE |2 CL-VaPUC |9 312478 |
| 600 | 0 | 7 | |a GRAU, JACINTO |2 CL-VaPUC |9 420070 |
| 600 | 0 | 7 | |a GOMEZ DE LA SERNA, RAMON |2 CL-VaPUC |9 344182 |
| 600 | 0 | |a García Lorca, Federico |e autor |9 315690 | |
| 600 | 0 | 7 | |a AUB, MAX |2 CL-VaPUC |9 344232 |
| 600 | 0 | |a Azorín, |d 1873-1967 |q Martínez Ruiz, José |9 353525 | |
| 650 | 0 | |a Dramas españoles |9 267081 | |
| 650 | 0 | |a Literatura española |9 306261 | |
| 942 | |c BK |2 ddc | ||
| 945 | |d 19981009 00:00:00 |a crobeson | ||
| 952 | |0 0 |1 0 |4 0 |6 862_080000000000000_TEA_1967 |7 0 |8 A |9 313287 |a BIBEDU |b BIBEDU |d 2019-11-20 |i 1476351 |o 862.08 TEA 1967 |p 1476351 |r 2019-11-20 |w 2019-11-20 |y BK |k LIT | ||
| 952 | |0 0 |1 0 |3 erd |4 0 |6 862_080000000000000_TEA_1967 |7 0 |8 A |9 313288 |a BIBART |b BIBART |d 2019-11-20 |i 5001544 |o 862.08 TEA 1967 |p 5001544 |r 2025-03-13 |w 2019-11-20 |y BK |z Catalogado en:20130829 |k ART | ||